00230nam a2200085Ia 4500001000800000005001700008008004100025245005700066260002100123125074620251031150902.0251031s9999 xx 000 0 und d 0cKATHERINE KELLOGGaF-5 SIFIR ATIK İÇİN 101 YOL bORENDA YAYINLARI